Equipos de movimiento de tierras y compactación: problemas resueltos
Պահպանված է:
| Հիմնական հեղինակ: | |
|---|---|
| Ձևաչափ: | Գիրք |
| Լեզու: | իսպաներեն |
| Հրապարակվել է: |
Valencia
Universidad Politécnica de Valencia
1997
|
| Խորագրեր: | |
| Ցուցիչներ: |
Ավելացրեք ցուցիչ
Չկան պիտակներ, Եղեք առաջինը, ով նշում է այս գրառումը!
|
MARC
| LEADER | 00000nam a2200000 a 4500 | ||
|---|---|---|---|
| 001 | UCG0319 | ||
| 003 | CL-VaPUC | ||
| 008 | 100318e19970000SP |||||||||||||||||spa|d | ||
| 020 | |a 8477215510 | ||
| 082 | 0 | 4 | |a 624.152 |b YEP |2 21 |
| 100 | 0 | |a Yepes Piqueras, Víctor |e author |9 547699 | |
| 245 | 1 | 0 | |a Equipos de movimiento de tierras y compactación: problemas resueltos |
| 300 | |a 253 p | ||
| 942 | |c BK | ||
| 945 | |d 20100318 00:00:00 |a rbrito | ||
| 260 | |a Valencia |b Universidad Politécnica de Valencia |c 1997 | ||
| 650 | 7 | |a MOVIMIENTO DE TIERRAS |2 CL-VaPUC |9 363911 | |
| 650 | 0 | |a Problemas, ejercicios, etc |9 259377 | |
| 650 | 0 | |a Máquinas herramientas |9 262583 | |
| 650 | 7 | |a EXCAVACION |2 CL-VaPUC |9 547700 | |
| 583 | |a last modification |c 20121214 09:58:58 |k Rodrigo Vera | ||
| 999 | |c 339993 |d 339991 | ||
| 952 | |0 0 |1 0 |4 0 |6 624_152000000000000_YEP_1997 |7 0 |8 A |9 434295 |a BIBING |b BIBING |d 2019-11-22 |i 4651642 |l 1 |o 624.152 YEP 1997 |p 4651642 |r 2025-01-20 |s 2020-08-03 |w 2019-11-22 |y BK |k CCL | ||